00669nam a2200181 a 450000100100000000500170001000800410002702000150006804000250008308200150010810000270012324500970015026000490024730000330029670000280032995201130035799900170047000003722720200930080225.0120313s1999 nyua 000 0 spa d a0060193395 aDO-SdBNPbspacBNPHU axxxbP558b1 aPhillips, Bill.96364110aBody for life :b12 weesks to mental and physical strength /cBill Phillips, Michael D'Orso. aNew York :bHarperCollins Publishers,c1999. axvi, 201 p. :bil. ;c24 cm.1 aD'Orso, Michael.963642 001050718MOaGRbGRcCTd2012-03-13iLF1l0oxxx P558bp37227-10r2020-06-25w2020-06-25y1ZNo se presta c36717d36717